| 000 | 00676nam a2200205Ii 4500 | ||
|---|---|---|---|
| 003 | JO-AjNU | ||
| 008 | 230605s9999||||xx |||||||||||||| ||und|| | ||
| 017 | _a2005/1/133 | ||
| 040 |
_aJO-AjNU _bara _erda _cJO-AjNU |
||
| 041 | _aara | ||
| 050 | 1 | 4 | _aTJ211.A33 2005 |
| 100 | 3 |
_aعبدالعزيز، وسام احمد, _eauthor _99920 |
|
| 245 | 0 | 0 | _aهندسة الربوت : (الانسان الالي) |
| 264 | 3 | 1 | _aعمان:مكتبة المجتمع العربي، 2005 |
| 300 | _a250ص | ||
| 336 |
_atext _btxt _2rdacontent |
||
| 337 |
_aunmediated _bn _2rdamedia |
||
| 338 |
_avolume _bnc _2rdacarrier |
||
| 650 | 4 |
_aالانسان الالي-التحكم الآلي _99921 |
|
| 999 |
_aA1544 _c5112 _d5112 |
||